| 000 | 00552cam a2200181 4500500 | ||
|---|---|---|---|
| 005 | 20260329004228.0 | ||
| 041 | _afre | ||
| 042 | _adc | ||
| 100 | 1 | 0 |
_aMorel, François _eauthor |
| 245 | 0 | 0 | _a« L’homme est un loup pour l’homme » |
| 260 | _c2018. | ||
| 500 | _a11 | ||
| 690 | _aFrançois Morel | ||
| 690 | _aHobbes | ||
| 690 | _aLoup | ||
| 786 | 0 | _nPhilosophie magazine | 125 | 12 | 2018-12-01 | p. 61-61 | 1951-1787 | |
| 856 | 4 | 1 | _uhttps://shs.cairn.info/magazine-philosophie-magazine-2018-12-page-61?lang=fr&redirect-ssocas=7080 |
| 999 |
_c1831896 _d1831896 |
||